000 00713nam a2200181 a 4500
001 000039869
005 20201002033800.0
008 130725s2001 sp a 000 0 spa d
020 _a8400079302
040 _aDO-SdBNP
_bspa
_cBNPHU
100 1 _aMas, Sinibaldo de,
_d1809-1868
_966075
245 1 0 _aSistema musical de la lengua castellana /
_cSinibaldo de Mas ; edición José Domínguez Caparrós.
260 _aMadrid :
_bConsejo superior de Investigaciones Científicas,
_bInstituto de la Lengua Española,
_c2001.
300 _a190 p. :
_bil. ;
_c25 cm.
490 1 _aAnejos de revistas de literatura
_v52
700 1 _aDomínguez Caparrós, José
_915434
830 0 _aAnejos de revistas de literatura
_v52
_966076
999 _c39359
_d39359